| 000 | 00367nam a22001577a 4500 | ||
|---|---|---|---|
| 003 | macl | ||
| 005 | 20150530135123.0 | ||
| 008 | 150530b xxu||||| |||| 00| 0 eng d | ||
| 040 | _cmacl | ||
| 082 | _a910 | ||
| 100 |
_aSanyal,Priti _9108 |
||
| 245 | _aThe World Around US | ||
| 260 |
_aKolkata _bYapanchitra Books _c2011 |
||
| 650 |
_aTravels _9109 |
||
| 942 |
_2ddc _cBK |
||
| 999 |
_c49772 _d49772 |
||